Highest Cities in the World - Statistics

General Stats
  • This quiz has been taken 10 times
  • The average score is 5 of 16
Answer Stats
Height Answer Country % Correct
2,240 m Mexico City Mexico
89%
2,620 m Bogotá Colombia
78%
2,850 m Quito Ecuador
78%
2,500 m Addis Ababa Ethiopia
44%
2,325 m Asmara Eritrea
44%
2,350 m Sana'a Yemen
44%
2,040 m Tehran Iran
44%
4,150 m El Alto Bolivia
33%
2,335 m Arequipa Peru
22%
2,250 m Ecatepec de Morelos Mexico
11%
2,000 m Kunming China
11%
2,660 m Toluca Mexico
11%
2,270 m Abha Saudi Arabia
0%
2,220 m Nezahualcóyotl Mexico
0%
2,140 m Puebla de Zaragoza Mexico
0%
2,275 m Xining China
0%
No matching quizzes found
Score Distribution
Percent of People with Each Score
Percentile by Number Answered
Your Score History
You have not taken this quiz